Tous les joueurs utilisés en équipe de France par Domenech - Statistiques

Statistiques générales
  • Ce quiz a été pris 283 fois
  • Le résultat moyen est 35 sur 69
Statistiques - réponses
Poste Sélections Joueur % Correct
Attaquant 60 Thierry Henry
94%
Milieu 15 Zinédine Zidane
90%
Milieu 48 Franck Ribery
89%
Attaquant 27 Karim Benzema
89%
Gardien 14 Hugo Lloris
85%
Défenseur 39 Lilian Thuram
84%
Attaquant 41 Nicolas Anelka
83%
Défenseur 32 Patrice Evra
83%
Gardien 17 Fabien Barthez
80%
Milieu 35 Patrick Vieira
80%
Gardien 13 Steve Mandanda
80%
Milieu 37 Claude Makélélé
78%
Gardien 26 Grégory Coupet
78%
Défenseur 64 William Gallas
78%
Attaquant 16 David Trezeguet
77%
Milieu 57 Florent Malouda
77%
Milieu 15 Samir Nasri
77%
Milieu 22 Yoann Gourcuff
75%
Défenseur 32 Willy Sagnol
74%
Défenseur 50 Eric Abidal
73%
Milieu 26 Alou Diarra
72%
Milieu 27 Lassana Diarra
72%
Attaquant 7 Hatem Ben Arfa
69%
Défenseur 23 Bacary Sagna
68%
Attaquant 16 André-Pierre Gignac
65%
Attaquant 27 Sylvain Wiltord
63%
Attaquant 38 Sidney Govou
62%
Gardien 9 Mickaël Landreau
61%
Défenseur 7 Philippe Mexes
60%
Attaquant 24 Djibril Cissé
58%
Milieu 36 Jérémy Toulalan
57%
Défenseur 5 Gaël Clichy
54%
Milieu 3 Mathieu Valbuena
53%
Défenseur 5 Anthony Reveillere
52%
Attaquant 5 Bafétimbi Gomis
51%
Milieu 5 Robert Pires
51%
Milieu 8 Abou Diaby
47%
Défenseur 21 Sébastien Squillaci
45%
Défenseur 20 Jean-Alain Boumsong
44%
Milieu 8 Jérôme Rothen
42%
Milieu 7 Ludovic Giuly
42%
Défenseur 1 Pascal Chimbonda
42%
Gardien 2 Sébastien Frey
42%
Attaquant 13 Louis Saha
41%
Défenseur 1 Marc Planus
40%
Défenseur 12 Gaël Givet
38%
Milieu 16 Vikash Dhorasoo
35%
Attaquant 1 Loïc Remy
32%
Défenseur 13 François Clerc
31%
Défenseur 6 Mikaël Silvestre
31%
Milieu 7 Benoît Pedretti
30%
Défenseur 13 Julien Escudé
30%
Milieu 7 Rio Mavuba
30%
Attaquant 1 Steve Savidan
30%
Milieu 2 Moussa Sissoko
29%
Milieu 1 Julien Faubert
26%
Milieu 3 Mathieu Flamini
25%
Défenseur 2 Bernard Mendy
24%
Attaquant 3 Jimmy Briand
23%
Défenseur 1 Franck Jurietti
22%
Attaquant 4 Péguy Luyindula
22%
Défenseur 1 Michaël Ciani
19%
Milieu 2 Olivier Dacourt
16%
Défenseur 4 Rod Fanni
16%
Attaquant 1 Florent Sinama-Pongolle
14%
Défenseur 1 Jonathan Zebina
13%
Milieu 3 Camel Meriem
12%
Attaquant 1 Frédéric Piquionne
12%
Attaquant 1 Daniel Moreira
5%
Aucun quiz correspondant
Distribution des résultats
% des personnes avec chaque résultat
Percentile par nombre de réponses
Votre historique - résultats
Vous n’avez pas pris ce quiz